Communes de France par questions Mathématiques #4 - Statistiques

Statistiques générales
  • Ce quiz a été pris 33 fois
  • Le résultat moyen est 12 sur 20
Statistiques - réponses
Hint Réponse % Correct
Commune Française, préfecture du département qui est la racine carrée de 1600 Mont-de-Marsan
90%
Commune Française, la plus peuplée de son département qu'on obtient en faisant XC + V Argenteuil
80%
Commune Française, préfecture qui est enfermée dans le triangle Dijon/Bourges/Moulins Nevers
73%
Commune Française, préfecture du département qui est infini si on le tourne sur le côté et ne vaut plus rien si on le coupe en deux. Charleville Mézières
70%
Commune Française, seule préfecture sur l itinéraire (ou s'en approchant de très près) si on trace une ligne droite sur la carte de France entre Rennes et Avignon Angers
67%
Commune Française, sous préfecture la plus peuplée du département qu on obtient en additionnant tous les 2emes chiffres des 4 départements de la Bretagne Lannion
67%
Commune Française, la 4e la plus peuplée de son département (recensement 2021) qu on obtient en additionnant les 4 premiers nombres premiers Royan
63%
Commune Française, préfecture la plus proche du point d intersection si on trace deux lignes droites Nimes/Foix et Quimper/Perpignan sur une carte Carcassonne
60%
Commune Française qui est la seule à être plus de 5 fois plus peuplée que sa préfecture (population municipale en 2021) Les Abymes
60%
Commune Française, sous préfecture la plus peuplée du département qui correspond aux nombres de cases inoccupées au démarrage d'une partie d'échec classique Condom
57%
Commune Française, sous préfecture la moins peuplée du département qu on obtient en faisant (Manche au carré) / (Aube au carré) Pontarlier
57%
Commune Française, préfecture du département correspondant à la valeur de la bulle intérieure aux fléchettes modernes, les plus médiatisés (en mode 501) Saint-Lô
57%
Commune Française, la plus peuplée du seul département avec un nombre premier qui gagne à la roulette quand pair gagne Saint-Quentin
57%
Commune Française, sous préfecture la plus peuplée du département qui a Y comme commune dans ses rangs Abbeville
53%
Commune Française, l'unique sous-préfecture du seul département qu il fallait tirer au blackjack pour gagner si on avait le Cantal et que la Banque fait 20 Grasse
50%
Commune Française, préfecture qui est enfermée dans un triangle de 3 préfectures qui ont toutes un nom composé de 4 lettres Montauban
50%
Commune Française, sous préfecture la plus peuplée du département qui a pour code les deux premiers chiffres après la virgule du nombre d'or (nombre qu'on obtient avec le quotient de deux nombres successifs dans la suite de Fibonacci (visible à partir de cette séquence 13, 21 et 34) Argentan
47%
Commune Française, sous préfecture la plus peuplée du département qui a le nombre premier le plus élevé jouable au keno Haguenau
40%
Commune Française, sous préfecture du département qui poursuit la suite de Syracuse commençant par 46 23 Lure
40%
Commune Française se situant à 1000 km à vol d oiseau d'Ajaccio (marge d' 1 km selon la source) Maubeuge
33%
Aucun quiz correspondant
Distribution des résultats
% des personnes avec chaque résultat
Percentile par nombre de réponses
Votre historique - résultats
Vous n’avez pas pris ce quiz